Bone carvings from Fustat - Istabl 'Antar : excavations of the Institut franc̦ais d'archéologie orientale in Cairo, 1985-2003 /

محفوظ في:

المؤلف الرئيسي: Rawska-Rodziewicz, Elżbieta (مؤلف)

مؤلفون آخرون: Denoix, Sylvie, introducer. Gayraud, Roland-Pierre, director.

التنسيق: كتاب

اللغة: French

منشور في: Le Caire : Institut français d'archéologie orientale, 2012.
©2012.

سلاسل: Fouilles de l'Institut français d'archéologie orientale du Caire ; 70.
FIFAO ; 70.

الموضوعات:

الوسوم: إضافة وسم

لا توجد وسوم, كن أول من يضع وسما على هذه التسجيلة!

رقم الطلب: ( F )DT57 .C182 v.70

LEADER 01484nam a2200313Ia 4500
003 OSt
005 20240805065508.0
008 121212t20122012ua a b 001 0 fre d
952 |0 0  |1 0  |2 lcc  |3 V.70  |4 0  |7 1  |9 44053  |a ARCE  |b ARCE  |d 2022-11-24  |l 0  |o ( F )DT57 .C182 v.70  |p 1032028  |r 2022-11-24 00:00:00  |w 2022-11-24  |y BK 
999 |c 50510  |d 50510 
020 |a 9782724706062 
040 |c ARCE Library 
050 4 |a ( F )DT57 .C182 v.70 
100 1 |a Rawska-Rodziewicz, Elżbieta,   |e author 
245 1 0 |a Bone carvings from Fustat - Istabl 'Antar :   |b excavations of the Institut franc̦ais d'archéologie orientale in Cairo, 1985-2003 /   |c Elżbieta Rodziewicz ; préface de Sylvie Denoix. 
264 1 |a Le Caire :   |b Institut français d'archéologie orientale,   |c 2012. 
264 1 |c ©2012. 
300 |a  xliii, 474 pages :   |b illustrations (some color) ;   |c 33 cm. 
490 0 |a Fouilles de l'Institut français d'archéologie orientale du Caire ; 70.  
490 0 |a FIFAO ; 70. 
500 |a At head of title: Archéologie Islamique : Fustat 1 under the direction of Roland- Pierre Gayraud. 
504 |a Includes bibliographical references (pages 269-296) and index. 
546 |a In English with a foreword in French. 
650 0 |a Bone carving -- Egypt -- Catalogs. 
650 0 |a Excavations (Archaeology) -- Egypt -- Fusṭāṭ. 
651 0 |a Cairo (Egypt) -- Antiquities. 
700 1 |a Denoix, Sylvie, introducer. Gayraud, Roland-Pierre, director. 
901 |a reviewed 
942 |2 lcc  |c BK